Atomistic spin dynamics : (Record no. 335)

MARC details
000 -LEADER
fixed length control field 01834nam a22004097a 4500
001 - CONTROL NUMBER
control field 19048063
005 - DATE AND TIME OF LATEST TRANSACTION
control field 20230517121610.0
008 - FIXED-LENGTH DATA ELEMENTS--GENERAL INFORMATION
fixed length control field 230517b |||||||| |||| 00| 0 eng d
010 ## - LIBRARY OF CONGRESS CONTROL NUMBER
LC control number 2016938429
015 ## - NATIONAL BIBLIOGRAPHY NUMBER
National bibliography number GBB6E2901
Source bnb
020 ## - INTERNATIONAL STANDARD BOOK NUMBER
International Standard Book Number 9780198788669
Qualifying information (hbk.)
020 ## - INTERNATIONAL STANDARD BOOK NUMBER
International Standard Book Number 0198788665
Qualifying information (hbk.)
035 ## - SYSTEM CONTROL NUMBER
System control number (OCoLC)ocn979750476
040 ## - CATALOGING SOURCE
Original cataloging agency NLE
Language of cataloging eng
Transcribing agency KMU
Description conventions rda
Modifying agency KMU
042 ## - AUTHENTICATION CODE
Authentication code lccopycat
050 00 - LIBRARY OF CONGRESS CALL NUMBER
Classification number QC 754.2.M34 Eri
Item number E75 2017
100 1# - MAIN ENTRY--PERSONAL NAME
Personal name Eriksson, Olle,
Relator term author.
245 10 - TITLE STATEMENT
Title Atomistic spin dynamics :
Remainder of title foundations and applications /
Statement of responsibility, etc. Olle Eriksson, Department of Physics and Astronomy, Uppsala University, Uppsala, Sweden, Anders Bergman, Department of Physics and Astronomy, Uppsala University, Uppsala, Sweden, Lars Bergqvist, Department of Materials and Nano Physics, KTH Royal Institute of Technology, Kista, Sweden, Johan Hellsvik, Department of Materials and Nano Physics, KTH Royal Institute of Technology, Kista, Sweden.
250 ## - EDITION STATEMENT
Edition statement First edition.
264 #1 - PRODUCTION, PUBLICATION, DISTRIBUTION, MANUFACTURE, AND COPYRIGHT NOTICE
Place of production, publication, distribution, manufacture Oxford :
Name of producer, publisher, distributor, manufacturer Oxford University Press,
Date of production, publication, distribution, manufacture, or copyright notice 2017.
300 ## - PHYSICAL DESCRIPTION
Extent x, 254 pages :
Other physical details illustrations ;
Dimensions 25 cm
336 ## - CONTENT TYPE
Content type term text
Content type code txt
Source rdacontent
336 ## - CONTENT TYPE
Content type term still image
Content type code sti
Source rdacontent
337 ## - MEDIA TYPE
Media type term unmediated
Media type code n
Source rdamedia
338 ## - CARRIER TYPE
Carrier type term volume
Carrier type code nc
Source rdacarrier
504 ## - BIBLIOGRAPHY, ETC. NOTE
Bibliography, etc. note Includes bibliographical references (pages 231-252) and index.
650 #0 - SUBJECT ADDED ENTRY--TOPICAL TERM
Topical term or geographic name entry element Rotational motion.
650 #0 - SUBJECT ADDED ENTRY--TOPICAL TERM
Topical term or geographic name entry element Magnetization.
650 #7 - SUBJECT ADDED ENTRY--TOPICAL TERM
Topical term or geographic name entry element Magnetization.
Source of heading or term fast
Authority record control number or standard number (OCoLC)fst01005854
650 #7 - SUBJECT ADDED ENTRY--TOPICAL TERM
Topical term or geographic name entry element Rotational motion.
Source of heading or term fast
Authority record control number or standard number (OCoLC)fst01100624
700 1# - ADDED ENTRY--PERSONAL NAME
Personal name Bergman, Anders,
Relator term author.
700 1# - ADDED ENTRY--PERSONAL NAME
Personal name Bergqvist, Lars,
Relator term author.
700 1# - ADDED ENTRY--PERSONAL NAME
Personal name Hellsvik, Johan,
Relator term author.
906 ## - LOCAL DATA ELEMENT F, LDF (RLIN)
a 7
b cbc
c copycat
d 2
e ncip
f 20
g y-gencatlg
942 ## - ADDED ENTRY ELEMENTS (KOHA)
Source of classification or shelving scheme Library of Congress Classification
Koha item type Non-Fiction
Suppress in OPAC No
Holdings
Withdrawn status Lost status Source of classification or shelving scheme Damaged status Not for loan Collection Home library Current library Shelving location Date acquired Source of acquisition Total Checkouts Full call number Barcode Date last seen Price effective from Koha item type
    Library of Congress Classification     Non-fiction Kapasa Makasa University Kapasa Makasa University Open Access 17.05.2023 ZLS   QC 754.2.M34 Eri 300368 17.05.2023 17.05.2023 Non-Fiction